000 00588nam a2200145 a 4500
001 000027701
005 20240304105159.0
008 110404s1977 dr 000 0 spa d
040 _aDO-SdBNP
_bspa
_cBNPHU
110 _aRepública Dominicana
_bSecretaría de Estado de Salud Pública y Asistencia Social
_bConsejo Nacional de Población y Familia
_954778
245 1 0 _aEvaluación de los equipos de supervisión del programa nacional de planificación familiar.
260 _aSanto Domingo :
_bEditorial Servicios Gráficos Integrado,
_c1977.
300 _a112 p. ;
_c22 cm.
049 _aBNPD
999 _c27193
_d27193